Corre, Atalanta : (Record no. 196300)
[ view plain ]
| 000 -LEADER | |
|---|---|
| campo de control de longitud fija | 02204nam a2200361 i 4500 |
| 001 - NÚMERO DE CONTROL | |
| campo de control | 196300 |
| 003 - IDENTIFICADOR DE NÚMERO DE CONTROL | |
| campo de control | ES-MaACL |
| 005 - FECHA Y HORA DE LA ÚLTIMA TRANSACCIÓN | |
| campo de control | 20250819170111.0 |
| 008 - DATOS DE LONGITUD FIJA--INFORMACIÓN GENERAL | |
| campo de control de longitud fija | 240903s2024 sp | |||| 000 spa |
| 015 ## - NÚMERO DE BIBLIOGRAFÍA NACIONAL | |
| Número de bibliografía nacional | MON24 |
| 017 ## - NÚMERO DE COPYRIGHT O DE DEPÓSITO LEGAL | |
| Número de copyright o de depósito legal | M 34456-2023 |
| Agencia que asigna | Oficina Depósito Legal Madrid |
| 020 ## - NÚMERO INTERNACIONAL ESTÁNDAR DEL LIBRO | |
| Número Internacional Estándar del Libro | 9788437647258 |
| 035 ## - NÚMERO DE CONTROL DEL SISTEMA | |
| Número de control de sistema | (SpMaBN)a7431026 |
| 040 ## - FUENTE DE CATALOGACIÓN | |
| Centro catalogador/agencia de origen | SpMaBN |
| Lengua de catalogación | spa |
| Centro/agencia transcriptor | SpMaBN |
| Normas de descripción | rda |
| Centro/agencia modificador | ES-MaACL |
| 100 ## - ENTRADA PRINCIPAL--NOMBRE DE PERSONA | |
| Nombre de persona | Luque, Herminia |
| 9 (RLIN) | 238647 |
| Término indicativo de función/relación | Autor |
| 245 ## - MENCIÓN DEL TÍTULO | |
| Título | Corre, Atalanta : |
| Resto del título | Crítica feminista del deporte / |
| Mención de responsabilidad, etc. | Herminia Luque. |
| 250 ## - MENCION DE EDICION | |
| Mención de edición | Primera edición 2024 |
| 260 ## - PUBLICACIÓN, DISTRIBUCIÓN, ETC. | |
| Lugar de publicación, distribución, etc. | Madrid : |
| Nombre del editor, distribuidor, etc. | Ediciones Cátedra, |
| Fecha de publicación, distribución, etc. | 2024. |
| 300 ## - DESCRIPCIÓN FÍSICA | |
| Extensión | 248 páginas ; |
| Dimensiones | 21 cm |
| 336 ## - TIPO DE CONTENIDO | |
| Término de tipo de contenido | Texto |
| Fuente | rdacontent |
| 337 ## - TIPO DE MEDIO | |
| Nombre/término del tipo de medio | sin mediación |
| Fuente | rdamedia |
| 338 ## - TIPO DE SOPORTE | |
| Nombre/término del tipo de soporte | volumen |
| Fuente | rdacarrier |
| 520 ## - RESUMEN, ETC. | |
| Sumario, etc. | El deporte (la construcción histórica de la actividad física que todos conocemos) es una fuente inagotable de desigualdad para las mujeres, y a pesar de ser, como nos dice Herminia Luque, una de las estructuras visibles del patriarcado, escapa con facilidad a cualquier crítica teórica sistemática. Sin embargo, el deporte, creado por y para varones (en su doble origen del olimpismo clásico-"coubertiniano" y el balompédico de la "high school"), segrega y discrimina por principio a las mujeres. Y cumple, además, a la perfección funciones pedagógicas de transmisión de valores y roles de masculinidad hegemónicos en todas las sociedades. Si históricamente el deporte se desarrolla como una preparación eficaz para la guerra, en la actualidad la simbiosis con un capitalismo global y multimediático lo convierte en un inmenso poder que sobrepasa incluso al poder político. |
| 650 #7 - PUNTO DE ACCESO ADICIONAL DE MATERIA--TÉRMINO DE MATERIA | |
| Término de materia o nombre geográfico como elemento de entrada | Feminismo |
| Fuente del encabezamiento o término | embne |
| 9 (RLIN) | 12744 |
| 650 #4 - PUNTO DE ACCESO ADICIONAL DE MATERIA--TÉRMINO DE MATERIA | |
| 9 (RLIN) | 11591 |
| Término de materia o nombre geográfico como elemento de entrada | Deportes |
| 852 ## - LOCALIZACIÓN | |
| Ubicación | ES-MaACL |
| Ubicación en estantería | Despachos-biblioteca |
| Anotaciones manuscritas | Dedicatoria autógrafa de la autora |
| Donativo/Legado | Donación: Herminia Luque |
| Encuadernación | Encuadernación rústica |
| Número de control de estantería | N-10116 |
| itemnumber | 206235 |
| 903 ## - NOMBRE PERSONAL DE DONANTE | |
| 9 | 238647 |
| a | Luque, Herminia |
| e | Donante |
| 942 ## - ELEMENTOS DE ENTRADA SECUNDARIOS (KOHA) | |
| Tipo de ítem Koha | Libro impreso |
| Suprimir en OPAC | No |
| Estatus retirado | Estado de pérdida | Fuente del sistema de clasificación o colocación | Estado de daño | No para préstamo | Biblioteca de origen | Biblioteca actual | Ubicación en estantería | Fecha de adquisición | Fuente de adquisición | Total de préstamos | Signatura topográfica completa | Código de barras | Visto por última vez | Precio de reemplazo | Tipo de ítem Koha |
|---|---|---|---|---|---|---|---|---|---|---|---|---|---|---|---|
| Clasificación decimal universal | Biblioteca del Ateneo de Madrid | Biblioteca del Ateneo de Madrid | Depósito J | 14/07/2025 | Donación | N-10116 | 2025-0626 | 14/07/2025 | 14/07/2025 | Libro impreso |
